000 00532nam a2200169 i 4500
001 57104
003 ES-MaACL
005 20250818173521.0
007 t|
008 031015s1917 mx ||||1| spa d
245 0 0 _aDiscusión de la credencial del Diputado Don Luis Cabrera y documentos justificativos XXVII legislatura.
260 _aMéxico :
_b[s.n.],
_c1917 (
_fImp. Cámara de Diputados)
300 _a261 p. ;
_c20 cm.
600 1 4 _aCabrera, Luis,
_d1876-1954
_933290
852 _aES-MaACL
_jG-279
999 _c57104
_d57104